Science Quiz

Random Science or Letter Quiz

Animal By Other First Letters Quiz Stats

 Plays Quiz not verified by Sporcle

Score 0/12 Timer 05:00
0 Plays Today
% Correct
Dog (Dolphin-Owl-Goat)
99.8%
Rat (Raccoon-Armadillo-Tiger)
93.6%
Pig (Parrot-Iguana-Giraffe)
93.5%
Seal (Skunk-Elephant-Alpaca-Ladybug)
84.2%
Cat (Cheetah-Aardvark-Tasmanian Devil)
84.1%
Frog (Flamingo-Rhinoceros-Oryx-Gorilla)
83.8%
Cow (Cockatoo-Oriole-Walrus)
80.3%
Hawk (Horse-Alligator-Wombat-Kangaroo)
77.8%
Lamb (Leopard-Aye Aye-Meerkat-Bee)
70.1%
Bear (Baboon-Emu-Avocet-Rabbit)
54.5%
Ant (Albatross-Newt-Turkey)
48.2%
Lion (Llama-Ibis-Ostrich-Nightingale)
46%

You're not logged in!

Compare scores with friends on all Sporcle quizzes.
OR
Log In

Show Comments

Extras

Top Quizzes Today


Score Distribution

Your Account Isn't Verified!

In order to create a playlist on Sporcle, you need to verify the email address you used during registration. Go to your Sporcle Settings to finish the process.

Report this User

Report this user for behavior that violates our Community Guidelines.

Details: